000 00244nam a2200121Ia 4500
100 _a#N/A
650 _aComputer/ IT
942 _cBK
654 _aSQL
245 _aSQL& PL/SQL FOR ORACLE 10 G BLACK BOOK
260 _b#N/A
546 _aENGLISH
999 _c23852
_d23852